| 000 | 00531cab a2200205 4500 | ||
|---|---|---|---|
| 001 | X1859 | ||
| 008 | 090401t1995 xxu||||| |||| 00| 0 eng d | ||
| 035 | _a(Sirsi) u19976 | ||
| 041 | _aeng | ||
| 100 | _aHart, C. | ||
| 245 | 4 | _aThe 1994 budget: aspects of the smaller print for chartered surveyors | |
| 260 | _c1995 | ||
| 350 | _a0 | ||
| 490 |
_aCSM (Chartered Surveyor Monthly) _v4(3) January 1995, 64(1) |
||
| 650 | _aBUDGET | ||
| 690 | _aECONOMIC AND SOCIAL | ||
| 690 | _aTAXATION | ||
| 942 | _n0 | ||
| 948 | _c04/03/1997 | ||
| 999 |
_c13387 _d13387 |
||